Acta Comeniana archiv pro bádaní o životě a díle Jana Amose Komenského = internationale Revue für Studien über J.A. Comenius und Ideengeschichte der Frühen Neuzeit = international review of Comenius studies and early modern intellectual history
| Previous Title: | Archiv pro bádání o životě a díle Jana Amose Komenského |
|---|---|
| Format: | Journal |
| Language: | Czech English German |
| PhysicalDescription: | zv. 24 cm |
| Published: |
Praha
Nakladatelství ČSAV
1969-
Praha Academia Praha Filosofia |
| ISBN: | 8070071710 (brož. : 1516 = XXXIXXL/2002) 8070071915 (brož. : 17 = XLI/2003) 8070072091 (brož. : 18 = XLII/2004) 8070072369 (brož. : 19 = XLIII/2005) 9788070072912 (brož. : 20-21 = XLIV-XLV/2007) 9788070073124 (brož. : 22-23 = XLVI-XLVII/2009) 9788070073551 (brož. : 24 = XLVIII/2010) 9788070073735 (brož. : 25 = XLIX/2011) 9788070074046 (brož. : 26 = L/2012) |
| ISSN: | 0231-5955 0232-0878 |
| Subjects: |
MARC
| LEADER | 00000cas a2200000 a 4500 | ||
|---|---|---|---|
| 001 | vtls008882006 | ||
| 003 | SK-MaSNL | ||
| 005 | 20260228162226.0 | ||
| 008 | 020305c19699999xr ar p 0 0 b0cze c | ||
| 020 | |a 8070071710 (brož. : 1516 = XXXIXXL/2002) | ||
| 020 | |a 8070071915 (brož. : 17 = XLI/2003) | ||
| 020 | |a 8070072091 (brož. : 18 = XLII/2004) | ||
| 020 | |a 8070072369 (brož. : 19 = XLIII/2005) | ||
| 020 | |a 9788070072912 (brož. : 20-21 = XLIV-XLV/2007) | ||
| 020 | |a 9788070073124 (brož. : 22-23 = XLVI-XLVII/2009) | ||
| 020 | |a 9788070073551 (brož. : 24 = XLVIII/2010) | ||
| 020 | |a 9788070073735 (brož. : 25 = XLIX/2011) | ||
| 020 | |a 9788070074046 (brož. : 26 = L/2012) | ||
| 022 | |a 0231-5955 | ||
| 035 | |a (SVKBB03)vtls000108049 | ||
| 040 | |a SVKBB |b slo |c SVKBB |d SAVUK |d SNK |e AACR2 | ||
| 041 | 0 | |a cze |a eng |a ger |b cze |b ger |b eng | |
| 044 | |a xr |c CZ | ||
| 072 | 7 | |a 00 |x Veda. Všeobecnosti. Základy vedy a kultúry. Vedecká práca |2 konspekt | |
| 072 | 7 | |a 929 |x Biografie |2 konspekt | |
| 080 | |a 001.891:1/3 | ||
| 080 | |a 929Com |2 2001 | ||
| 080 | |a 37.01 |2 2001 | ||
| 210 | 0 | |a Acta Comen. | |
| 222 | 0 | |a Acta Comeniana | |
| 245 | 0 | 0 | |a Acta Comeniana |b archiv pro bádaní o životě a díle Jana Amose Komenského = internationale Revue für Studien über J.A. Comenius und Ideengeschichte der Frühen Neuzeit = international review of Comenius studies and early modern intellectual history |
| 260 | |a Praha |b Nakladatelství ČSAV |c 1969- | ||
| 260 | |3 1972-1994 |a Praha |b Academia | ||
| 260 | |3 1995- |a Praha |b Filosofia | ||
| 300 | |a zv. |c 24 cm | ||
| 310 | |a 1x ročne | ||
| 321 | |a Dvojročenka | ||
| 362 | 0 | |a 1=25 (1969)- | |
| 504 | |a Pozn. | ||
| 650 | 7 | |a komeniológia |2 SNKPH |9 71786 | |
| 650 | 7 | |a pedagogika |2 SNKPH |9 955 | |
| 650 | 0 | 7 | |a Comeniology |2 SNKPHeng |9 270600 |
| 650 | 0 | 7 | |a Pedagogics |2 SNKPHeng |9 265289 |
| 710 | 2 | |a Akademie věd České republiky. |b Filosofický ústav |4 pbl |9 226018 | |
| 780 | 0 | 0 | |t Archiv pro bádání o životě a díle Jana Amose Komenského |x 0232-0878 |
| 910 | |a savuk | ||
| 910 | |a snk | ||
| 919 | |a 80-7007-171-0 | ||
| 919 | |a 80-7007-209-1 | ||
| 919 | |a 80-7007-236-9 | ||
| 919 | |a 80-7007-191-5 | ||
| 919 | |a 978-80-7007-291-2 | ||
| 919 | |a 978-80-7007-312-4 | ||
| 919 | |a 978-80-7007-355-1 | ||
| 919 | |a 978-80-7007-373-5 | ||
| 999 | |c 7186 |d 9116 | ||
| 952 | |0 0 |1 1 |4 0 |7 0 |a SNK |b SNK |d 1999-07-02 |l 0 |o snkČC 1210/7(31)/1987 |p 17A0199973 |r 2005-01-02 00:00:00 |w 2026-02-21 |y PREZ | ||
| 952 | |0 0 |1 1 |4 0 |7 0 |a SNK |b SNK |d 1999-07-02 |l 0 |o snkČC 1210/1(25)/1969 |p 17A0199963 |r 2005-01-02 00:00:00 |w 2026-02-21 |y PREZ | ||
| 952 | |0 0 |1 0 |4 0 |7 0 |a SNK |b SNK |d 1999-07-02 |i snkKIP 8193/70 |l 0 |o snkČC 1210/24/1970 |p 17A0199964 |r 2005-01-02 00:00:00 |w 2026-02-21 |y PREZ | ||
| 952 | |0 0 |1 0 |4 0 |7 0 |a SNK |b SNK |d 1999-07-02 |i snkKIP 8195/70 |l 0 |o snkČC 1210/2(26)/1970 |p 17A0199965 |r 2005-01-02 00:00:00 |w 2026-02-21 |y PREZ | ||
| 952 | |0 0 |1 1 |4 0 |7 0 |a SNK |b SNK |d 1999-07-02 |l 0 |o snkČC 1210/1979 |p 17A0199966 |r 2005-01-02 00:00:00 |w 2026-02-21 |y PREZ | ||
| 952 | |0 0 |1 1 |4 0 |7 0 |a SNK |b SNK |d 1999-07-02 |l 0 |o snkČC 1210/28/1979 |p 17A0199967 |r 2005-01-02 00:00:00 |w 2026-02-21 |y PREZ | ||
| 952 | |0 0 |1 1 |4 0 |7 0 |a SNK |b SNK |d 1999-07-02 |l 0 |o snkČC 1210/3(27)/1972 |p 17A0199969 |r 2005-01-02 00:00:00 |w 2026-02-21 |y PREZ | ||
| 952 | |0 0 |1 1 |4 0 |7 0 |a SNK |b SNK |d 1999-07-02 |l 0 |o snkČC 1210/8(32)/1989 |p 17A0199971 |r 2005-01-02 00:00:00 |w 2026-02-21 |y PREZ | ||
| 952 | |0 0 |1 1 |4 0 |7 0 |a SNK |b SNK |d 1999-07-02 |l 0 |o snkČC 1210/6(30)/1985 |p 17A0199974 |r 2005-01-02 00:00:00 |w 2026-02-21 |y PREZ | ||
| 952 | |0 0 |1 1 |4 0 |7 0 |a SNK |b SNK |d 1999-07-02 |l 0 |o snkČC 1210/10/1993 |p 17A0199975 |r 2005-01-02 00:00:00 |w 2026-02-21 |y PREZ | ||
| 952 | |0 0 |1 1 |4 0 |7 0 |a SNK |b SNK |d 1999-07-02 |l 0 |o snkČC 1210/9(33)/1991 |p 17A0199976 |r 2005-01-02 00:00:00 |w 2026-02-21 |y PREZ | ||


